|
|
|
|
| LEADER |
01080nam a2200289 a 4500 |
| 001 |
952398 |
| 008 |
091010s1986 nyua b 001 0 eng d |
| 010 |
|
|
|a \\\84020875
|
| 020 |
|
|
|a 0471878359
|
| 020 |
|
|
|a 0023528907
|
| 040 |
|
|
|a DLC
|c DLC
|d DLC
|
| 082 |
0 |
0 |
|a 371.3/07/8
|2 19
|
| 100 |
1 |
|
|a Heinich, Robert.
|
| 245 |
1 |
0 |
|a Instructional media and the new technologies of instruction /
|c Robert Heinich, Michael Molenda, James D. Russell.
|
| 250 |
|
|
|a 2nd ed.
|
| 260 |
|
|
|a New York :
|b Wiley,
|c c1986.
|
| 300 |
|
|
|a xiv, 414 p. :
|b ill. (some col.) ;
|c 29 cm.
|
| 504 |
|
|
|a Includes bibliographies and index.
|
| 541 |
1 |
|
|e 00005192
|
| 650 |
|
0 |
|a Educational technology.
|
| 650 |
|
0 |
|a Audio-visual education.
|
| 700 |
1 |
|
|a Molenda, Michael.
|
| 700 |
1 |
|
|a Russell, James D.
|
| 740 |
0 |
|
|a Instructional media.
|
| 852 |
4 |
|
|a Ayesha Abed Library
|j General shelf
|
| 999 |
|
|
|c 4340
|d 4340
|
| 952 |
|
|
|0 0
|1 0
|2 ddc
|4 0
|6 371_307800000000000_HEI_1986
|7 0
|9 4016
|a BRACUL
|b BRACUL
|c GEN
|d 2009-10-10
|g 0.00
|l 0
|o 371.3078 HEI
|p 3010005192
|r 2009-10-10
|t 1
|w 2009-10-10
|y BK
|x No price found in the accession register.
|